MARC

LEADER 00000nam0a2200000 4500
001 325440
005 20231102003749.0
035 |a (RuTPU)RU\TPU\book\351054 
090 |a 325440 
100 |a 20161206d1971 k y0rusy50 ca 
101 0 |a rus 
102 |a RU 
105 |a a z 001zy 
200 1 |a Прочность и устойчивость тонкостенных авиационных конструкций  |e сборник статей  |h Ч. 3  |f Московский авиационный институт (МАИ) ; под ред. И. Ф. Образцова 
210 |a Москва  |c Машиностроение  |d 1971 
215 |a 292 с.  |c ил. 
225 1 |a Труды института  |v Вып. 226 
320 |a Библиогр. в конце статей 
606 1 |a Авиационные конструкции  |x Прочность  |2 stltpush  |3 (RuTPU)RU\TPU\subj\417  |9 29353 
610 1 |a тонкостенные конструкции 
610 1 |a колебания 
610 1 |a расчет 
610 1 |a деформации 
610 1 |a нагрузки 
610 1 |a кручение 
610 1 |a композиционные материалы 
610 1 |a устойчивость 
675 |a 629.73.02  |v 4 
702 1 |a Образцов  |b И. Ф.  |4 340 
712 0 2 |a Московский авиационный институт (МАИ)  |c (1930- )  |2 stltpush  |3 (RuTPU)RU\TPU\col\3642 
801 1 |a RU  |b 63413507  |c 20161206 
801 2 |a RU  |b 63413507  |c 20171220  |g RCR 
942 |c BK